Ábrahám és Don Quijote

Elmentve itt :
Bibliográfiai részletek
Szerző: DEMETER Szilárd
Adatforrás:Meister
Forrásdokumentuma:Kellék. -
11-12 sz., 1998, 103-109 p.
Nyelv:magyar
Kulcsszavak:filozófiatörténet
erkölcsfilozófia
vallásfilozófia
hit
igazság
szubjektivitás & objektivitás
objektivitás & szubjektivitás
BALASSA Péter
KIERKEGAARD Sören
SCHELLING Friedrich W.J.
LEADER 00657nab a2200229 i 4500
001 bibPRO00004170
008 060524s1998 xx hun
040 |a Sz1 
041 |a hun 
100 1 |a DEMETER Szilárd 
245 1 0 |a Ábrahám és Don Quijote  |c DEMETER Szilárd 
695 |a filozófiatörténet 
695 |a erkölcsfilozófia 
695 |a vallásfilozófia 
695 |a hit 
695 |a igazság 
695 |a szubjektivitás & objektivitás 
695 |a objektivitás & szubjektivitás 
695 |a BALASSA Péter 
695 |a KIERKEGAARD Sören 
695 |a SCHELLING Friedrich W.J. 
773 0 |t Kellék. -  |g 11-12 sz., 1998, 103-109 p.